| 000 | 00833nam a22002177a 4500 | ||
|---|---|---|---|
| 999 |
_c11338 _d11338 |
||
| 003 | AR-CdUCM | ||
| 008 | 190329b ||||| |||| 00| 0 spa d | ||
| 020 | _a84-357-0062-3 | ||
| 040 |
_aMUNICIPALIDAD PROVINCIAL DEL CUSCO _cBIBLIOTECA MUNICIPAL DEL CUSCO |
||
| 082 |
_aES / 512 / _bB17 |
||
| 100 |
_aBaldor, Aurelio _926843 |
||
| 245 |
_aÁlgebra : _bCon gráficos y 6523 ejercicios y problemas con respuestas / |
||
| 260 |
_aMadrid : _bCodice,s.a., _c1985. |
||
| 300 |
_a574 paginas ; _bDiagramas, _c23 cm. |
||
| 505 | _aContenido :Signos de agrupación -- Productos y cocientes notables -- Máximo como un divisor -- Mínimo como un divisor -- Desigualdades inecuaciones ... | ||
| 650 |
_aÁlgebra _919778 |
||
| 650 |
_aTextos escolares _94527 |
||
| 650 |
_aProblemas, ejercicios _919962 |
||
| 942 |
_2ddc _cLIBROS |
||
| 945 | _arum | ||